Batman: Arkham Series Picture Quiz - Statistics

General Stats
  • This quiz has been taken 140 times
  • The average score is 36 of 44
Answer Stats
Picture Answer % Correct
Batman
100%
Bane
99%
Harley Quinn
99%
Poison Ivy
99%
Robin
99%
The Joker
99%
The Penguin
99%
The Riddler
98%
Alfred Pennyworth
97%
Catwoman
97%
Jim Gordon
97%
Mr. Freeze
97%
Two Face
97%
Killer Croc
96%
Nightwing
96%
Scarecrow
96%
Clayface
95%
Deathstroke
93%
Arkham Knight
92%
Oracle
92%
Man-Bat
90%
Black Mask
88%
Hugo Strange
88%
Ra's al Ghul
88%
Solomon Grundy
88%
Deadshot
87%
Firefly
86%
Mad Hatter
82%
Professor Pyg
80%
Lucius Fox
79%
Victor Zsasz
79%
Hush
78%
Talia al Ghul
75%
Azrael
74%
Calendar Man
68%
Aaron Cash
55%
Electrocutioner
51%
Quincy Sharp
51%
Anarky
50%
Copperhead
49%
Deacon Blackfire
46%
Jack Ryder
46%
Simon Stagg
46%
Shiva
44%
No matching quizzes found
Score Distribution
Percent of People with Each Score
Percentile by Number Answered
Your Score History
You have not taken this quiz